[Event "SVK-chT5 SE-SI 1920"]
[Site "Slovakia"]
[Date "2019.10.19"]
[Round "1.1"]
[White "Stasek, Daniel"]
[Black "Fajtakova, Silvia"]
[Result "1-0"]
[WhiteElo "1635"]
[BlackElo "1515"]
[PlyCount "65"]
[EventDate "2019.10.19"]
[EventType "team-tourn"]
[EventRounds "14"]
[EventCountry "SVK"]
[SourceTitle "CBM 193 Extra"]
[Source "ChessBase"]
[SourceDate "2020.01.31"]
[SourceVersion "1"]
[SourceVersionDate "2020.01.31"]
[SourceQuality "1"]
[WhiteTeam "Holic III"]
[BlackTeam "Stefanov II"]
[WhiteTeamCountry "SVK"]
[BlackTeamCountry "SVK"]

1. e4 e5 2. Nf3 Nc6 3. Bc4 Be7 4. d4 d6 5. 0-0 Nf6 6. dxe5 dxe5 7. Qe2 Bg4 8. Rd1 Nd4 9. Qd3 Nxf3+ 10. gxf3 Qxd3 11. Rxd3 Bd7 12. Be3 b5 13. Bb3 a5 14. a4 0-0 15. Nc3 c6 16. axb5 cxb5 17. Nd5 Nxd5 18. Bxd5 Rac8 19. Rxa5 Rxc2 20. Ra7 Rd8 21. Kg2 Kf8 22. Bb6 Rb8 23. Bc7 Rc8 24. Bxe5 Be8 25. Bxg7+ Kxg7 26. Rxe7 Rxb2 27. f4 Kf8 28. Rb7 Rd8 29. Rc3 Rd6 30. Rc8 Rg6+ 31. Kf3 Rh6 32. Rxf7+ Kg8 33. Rxe8# 1-0

[Event "SVK-chT4 A21 1617"]
[Site "Slovakia"]
[Date "2017.02.26"]
[Round "10.4"]
[White "Piestansky, Jan"]
[Black "Stasek, Daniel"]
[Result "1/2-1/2"]
[WhiteElo "1642"]
[BlackElo "1600"]
[PlyCount "56"]
[EventDate "2016.10.09"]
[EventType "team-tourn"]
[EventRounds "11"]
[EventCountry "SVK"]
[SourceTitle "EXT 2020"]
[Source "ChessBase"]
[SourceDate "2019.10.17"]
[SourceVersion "1"]
[SourceVersionDate "2019.10.17"]
[SourceQuality "1"]
[WhiteTeam "Chtelnica Kamenar"]
[BlackTeam "Holic II"]
[WhiteTeamCountry "SVK"]
[BlackTeamCountry "SVK"]

1. e4 e6 2. d4 d5 3. exd5 exd5 4. h3 Bd6 5. Nf3 Nf6 6. Bd3 0-0 7. 0-0 c5 8. dxc5 Bxc5 9. c3 Qd6 10. Re1 Qg3 11. Nd4 Qd6 12. Be3 Bd7 13. Nd2 a6 14. Nf1 Nc6 15. Bc2 Nxd4 16. Bxd4 Rfe8 17. Ng3 Rxe1+ 18. Qxe1 Bxd4 19. cxd4 Qb6 20. Qd2 Re8 21. b3 Qd6 22. Rc1 g6 23. Bb1 Bc6 24. Qg5 Ne4 25. Nxe4 dxe4 26. Qe3 Rd8 27. Rd1 Qd5 28. Bc2 f5 1/2-1/2

[Event "SVK-chT4 A21 1617"]
[Site "Slovakia"]
[Date "2016.10.23"]
[Round "2.4"]
[White "Stasek, Daniel"]
[Black "Kastler, Peter"]
[Result "0-1"]
[WhiteElo "1608"]
[BlackElo "1747"]
[PlyCount "52"]
[EventDate "2016.10.09"]
[EventType "team-tourn"]
[EventRounds "11"]
[EventCountry "SVK"]
[SourceTitle "CBM 175 Extra"]
[Source "ChessBase"]
[SourceDate "2016.12.12"]
[SourceVersion "1"]
[SourceVersionDate "2016.12.12"]
[SourceQuality "1"]
[WhiteTeam "Holic II"]
[BlackTeam "Gbely Nafta II"]
[WhiteTeamCountry "SVK"]
[BlackTeamCountry "SVK"]

1. e4 e6 2. d4 d5 3. Nd2 dxe4 4. Nxe4 Nd7 5. Nf3 Ngf6 6. Bd3 Be7 7. Nxf6+ Nxf6 8. 0-0 0-0 9. b3 b6 10. Bb2 Bb7 11. Qe2 c6 12. c4 Re8 13. Rfd1 Rc8 14. Rac1 Bd6 15. Ne5 Qe7 16. Bb1 c5 17. Ng4 Nxg4 18. Qxg4 g6 19. dxc5 Rxc5 20. g3 Rg5 21. Qe2 h5 22. Bd4 h4 23. Be3 Re5 24. Qd2 Rxe3 25. Qxd6 Re1+ 26. Rxe1 Qxd6 0-1

[Event "SVK-chT4 A21 1617"]
[Site "Slovakia"]
[Date "2016.10.09"]
[Round "1.4"]
[White "Dzurjaninova, Hana"]
[Black "Stasek, Daniel"]
[Result "1-0"]
[WhiteElo "1652"]
[BlackElo "1608"]
[PlyCount "41"]
[EventDate "2016.10.09"]
[EventType "team-tourn"]
[EventRounds "11"]
[EventCountry "SVK"]
[SourceTitle "CBM 175 Extra"]
[Source "ChessBase"]
[SourceDate "2016.12.12"]
[SourceVersion "1"]
[SourceVersionDate "2016.12.12"]
[SourceQuality "1"]
[WhiteTeam "Trnava Lokomotiva Jun"]
[BlackTeam "Holic II"]
[WhiteTeamCountry "SVK"]
[BlackTeamCountry "SVK"]

1. e4 e6 2. d4 d5 3. Nd2 Nf6 4. e5 Nfd7 5. f4 c5 6. c3 Nc6 7. Ngf3 Qb6 8. Nb3 Be7 9. Be2 0-0 10. Qc2 f6 11. Be3 cxd4 12. Nbxd4 Nd8 13. Bd3 f5 14. Nxf5 Bc5 15. N5d4 h6 16. Nh4 Bxd4 17. Bh7+ Kf7 18. Bxd4 Qb5 19. Qg6+ Ke7 20. Qxg7+ Nf7 21. Ng6+ 1-0

[Event "Senica op 6th"]
[Site "Senica"]
[Date "2015.08.29"]
[Round "4"]
[White "Stasek, Daniel"]
[Black "Palka, Miroslav"]
[Result "0-1"]
[WhiteElo "1000"]
[BlackElo "1936"]
[PlyCount "76"]
[EventDate "2015.08.27"]
[EventType "swiss"]
[EventRounds "7"]
[EventCountry "SVK"]
[SourceTitle "EXT 2016"]
[Source "ChessBase"]
[SourceDate "2015.10.08"]
[SourceVersion "1"]
[SourceVersionDate "2015.10.08"]
[SourceQuality "1"]

1. e4 c5 2. Nf3 d6 3. d4 cxd4 4. Nxd4 Nf6 5. Nc3 g6 6. f3 Bg7 7. Be3 0-0 8. Qd2 Nc6 9. Nxc6 bxc6 10. Bc4 Qa5 11. Bh6 Bxh6 12. Qxh6 d5 13. exd5 cxd5 14. Qg5 Qb4 15. Bb3 d4 16. a3 Qb6 17. Ne4 Nxe4 18. fxe4 Be6 19. Qg3 Bxb3 20. Qxb3 Qxb3 21. cxb3 Rac8 22. Kd2 Rc7 23. Rac1 Rfc8 24. Rxc7 Rxc7 25. Rc1 Rxc1 26. Kxc1 e5 27. b4 Kf8 28. a4 Ke8 29. Kd2 f5 30. Kd3 f4 31. b5 Kd8 32. b4 Kc7 33. a5 g5 34. Ke2 h5 35. h3 g4 36. h4 g3 37. b6+ axb6 38. a6 d3+ 0-1

[Event "Senica op 6th"]
[Site "Senica"]
[Date "2015.08.27"]
[Round "1"]
[White "Bochnicka, Vladimir1"]
[Black "Stasek, Daniel"]
[Result "1/2-1/2"]
[WhiteElo "1746"]
[BlackElo "1000"]
[PlyCount "90"]
[EventDate "2015.08.27"]
[EventType "swiss"]
[EventRounds "7"]
[EventCountry "SVK"]
[SourceTitle "EXT 2016"]
[Source "ChessBase"]
[SourceDate "2015.10.08"]
[SourceVersion "1"]
[SourceVersionDate "2015.10.08"]
[SourceQuality "1"]

1. e4 e5 2. Nf3 Nc6 3. Bc4 Bc5 4. b4 Bxb4 5. c3 Bc5 6. d4 exd4 7. 0-0 h6 8. cxd4 Bb6 9. Nc3 d6 10. Re1 Nge7 11. Nd5 Bg4 12. Nxb6 axb6 13. h3 Bh5 14. d5 Ne5 15. Be2 Nxf3+ 16. Bxf3 Bxf3 17. Qxf3 Ng6 18. Bb2 0-0 19. Rac1 Qe7 20. a3 Rfc8 21. Rc4 Ne5 22. Bxe5 Qxe5 23. Rec1 f5 24. Rxc7 fxe4 25. Qg4 Rxc7 26. Rxc7 Qf6 27. Qe6+ Qxe6 28. dxe6 Re8 29. Rxb7 Rxe6 30. Rxb6 Kf7 31. Kf1 d5 32. Rb5 Rd6 33. Ke2 Ke6 34. Rb7 Ra6 35. Rxg7 Rxa3 36. Rg6+ Ke5 37. Rxh6 Kd4 38. g4 Ra2+ 39. Ke1 Ra1+ 40. Ke2 Ra2+ 41. Kf1 Kd3 42. Rd6 d4 43. g5 Ra1+ 44. Kg2 Ra2 45. Kf1 Ra1+ 1/2-1/2